[Event "Lewisham International 3rd"]
[Site "London"]
[Date "1983.11.28"]
[Round "5.7"]
[White "Dizdar, Goran"]
[Black "Miles, Anthony John"]
[Result "1-0"]
[WhiteElo "2450"]
[BlackElo "2585"]
[PlyCount "73"]
[EventDate "1983.11.24"]
[EventType "swiss"]
[EventRounds "9"]
[EventCountry "ENG"]

1. d4 Nf6 2. Nf3 b6 3. e3 Bb7 4. Bd3 e6 5. O-O d5 6. b3 Bd6 7. Bb2 Nbd7 8. c4
O-O 9. Nc3 a6 10. Rc1 Ne4 11. Ne2 Qe7 12. Qc2 Rac8 13. Rfd1 f5 14. Ne5 Rf6 15.
Bxe4 dxe4 16. Nxd7 Bxh2+ 17. Kxh2 Rh6+ 18. Kg1 Qh4 19. Kf1 Qh1+ 20. Ng1 f4 21.
exf4 Rh2 22. Ke2 Qxg2 23. Rf1 Rd8 24. Ne5 Rf8 25. Qc3 h5 26. Rce1 Rxf4 27. Qe3
Rf5 28. Kd1 h4 29. Ne2 Rxf2 30. Rxf2 Qxf2 31. Qxf2 Rxf2 32. Rh1 g5 33. Rg1 Rf5
34. Bc1 e3 35. Bxe3 h3 36. Rxg5+ Rxg5 37. Bxg5 {Black now sealed (this round
was 36 in 2 hrs 15 mins) with virtually no compensation for two minor pieces
and then withdrew claiming exhaustion. Source: bulletin} 1-0

[Event "Lewisham International 3rd"]
[Site "London"]
[Date "1983.11.28"]
[Round "5.9"]
[White "Hebden, Mark L"]
[Black "Ilic, Zoran S"]
[Result "1/2-1/2"]
[WhiteElo "2495"]
[BlackElo "2430"]
[PlyCount "52"]
[EventDate "1983.11.24"]
[EventType "swiss"]
[EventRounds "9"]
[EventCountry "ENG"]

1. e4 c5 2. f4 Nc6 3. Nf3 e6 4. Nc3 a6 5. g3 d6 6. Bg2 g6 7. d4 cxd4 8. Nxd4
Bg7 9. Nb3 Nf6 10. Be3 O-O 11. O-O Qc7 12. Rf2 Rd8 13. Rd2 Bf8 14. a4 Nd7 15.
a5 b5 16. axb6 Nxb6 17. Qe2 Nb4 18. Na5 Rb8 19. h4 d5 20. exd5 N6xd5 21. Nxd5
Nxd5 22. Bxd5 Rxd5 23. Rxd5 exd5 24. Nb3 Bd7 25. Bd4 Re8 26. Qxa6 Bd6 1/2-1/2

[Event "Lewisham International 3rd"]
[Site "London"]
[Date "1983.11.28"]
[Round "5.11"]
[White "Smart, Leslie J"]
[Black "Nicholson, John G"]
[Result "0-1"]
[WhiteElo "2220"]
[BlackElo "2260"]
[PlyCount "62"]
[EventDate "1983.11.24"]
[EventType "swiss"]
[EventRounds "9"]
[EventCountry "ENG"]

1. e4 c5 2. Nf3 e6 3. d4 cxd4 4. Nxd4 Nf6 5. Nc3 d6 6. f4 Nc6 7. Be3 e5 8. Nde2
Be7 9. Qd3 O-O 10. O-O-O a6 11. Nd5 Nxd5 12. exd5 exf4 13. Nxf4 Ne5 14. Qd4 Bf5
15. Bd3 Nxd3+ 16. Nxd3 Rc8 17. Rhf1 Bf6 18. Qb4 Bg5 19. Bxg5 Qxg5+ 20. Qf4 Bxd3
21. Rxd3 Qxg2 22. Rf2 Qg1+ 23. Rd1 Qg6 24. h4 b5 25. h5 Qxh5 26. Qxd6 Rfd8 27.
Qxa6 Ra8 28. Qxb5 Rxa2 29. Rd4 Qe5 30. Rd1 Ra1+ 31. Kd2 Rxd5+ 0-1

[Event "Lewisham International 3rd"]
[Site "London"]
[Date "1983.11.28"]
[Round "5.12"]
[White "Forintos, Gyozo Victor"]
[Black "Hanreck, Alan E"]
[Result "1-0"]
[WhiteElo "2450"]
[BlackElo "2280"]
[PlyCount "116"]
[EventDate "1983.11.24"]
[EventType "swiss"]
[EventRounds "9"]
[EventCountry "ENG"]

1. c4 Nf6 2. Nc3 c5 3. Nf3 e6 4. g3 b6 5. Bg2 Bb7 6. O-O Be7 7. d3 O-O 8. e4 d6
9. b3 Nbd7 10. Bb2 a6 11. Ne1 Qc7 12. Nc2 Bc6 13. d4 cxd4 14. Nxd4 Bb7 15. Rc1
Rac8 16. Qe2 Qb8 17. f4 Rfe8 18. Rfe1 e5 19. Nc2 exf4 20. gxf4 Bf8 21. Qf1 b5
22. Nd5 bxc4 23. Nxf6+ Nxf6 24. Bxf6 cxb3 25. axb3 gxf6 26. Bh3 Qa7+ 27. Kh1
Rc5 28. Qg1+ Kh8 29. b4 Rxe4 30. Bg2 Rxe1 31. Rxe1 Bxg2+ 32. Qxg2 Rc8 33. Ne3
Bh6 34. Nf5 Rg8 35. Qe4 Bf8 36. Ne3 Bg7 37. Nd5 f5 38. Qf3 Qd4 39. Ne7 Qxb4 40.
Rg1 Qe4 41. Qxe4 fxe4 42. Nxg8 Kxg8 43. Rd1 Bc3 44. Rxd6 e3 45. Rd8+ Kg7 46.
Re8 Bd2 47. Kg2 a5 48. Kf3 Bc1 49. h3 a4 50. Rc8 Bb2 51. Kxe3 a3 52. Ra8 Kg6
53. Ra5 f6 54. Ke4 Bc1 55. Kf3 Bb2 56. Kg3 Kh6 57. Kg4 Kg6 58. f5+ Kg7 1-0

[Event "Lewisham International 3rd"]
[Site "London"]
[Date "1983.11.28"]
[Round "5.20"]
[White "Crawley, Gavin"]
[Black "Gallagher, Joseph G"]
[Result "1-0"]
[WhiteElo "2070"]
[BlackElo "2250"]
[PlyCount "51"]
[EventDate "1983.11.24"]
[EventType "swiss"]
[EventRounds "9"]
[EventCountry "ENG"]

1. e4 c5 2. Nc3 Nc6 3. f4 e6 4. Bb5 Nge7 5. Nf3 a6 6. Bxc6 Nxc6 7. O-O d6 8. d4
cxd4 9. Nxd4 Qc7 10. Be3 Bd7 11. f5 O-O-O 12. fxe6 fxe6 13. a4 Ne5 14. Nce2 Be7
15. Ra3 Kb8 16. Rc3 Qa5 17. Qd2 Qxa4 18. b3 Qa3 19. Nxe6 Bxe6 20. Qd4 Bc4 21.
Qa7+ Kc8 22. bxc4 Qa4 23. Rb1 Qc6 24. Rcb3 b5 25. cxb5 Qb7 26. Rc3+ 1-0

[Event "Lewisham International 3rd"]
[Site "London"]
[Date "1983.11.28"]
[Round "5.23"]
[White "Coutts, George J"]
[Black "Aaron, Augustine A"]
[Result "0-1"]
[WhiteElo "2050"]
[BlackElo "1985"]
[PlyCount "50"]
[EventDate "1983.11.24"]
[EventType "swiss"]
[EventRounds "9"]
[EventCountry "ENG"]

1. e4 c5 2. c3 d5 3. exd5 Qxd5 4. d4 Nf6 5. Nf3 e6 6. Be2 Be7 7. O-O O-O 8. c4
Qc6 $2 9. dxc5 Bxc5 10. Nc3 a6 11. Qc2 Qc7 12. Bg5 Nbd7 13. a3 Re8 14. b4 Bf8
15. Rac1 h6 16. Bh4 b6 17. Nd2 Bb7 18. Nce4 $4 Nxe4 19. Nxe4 Qf4 20. Bf3 Qxh4
21. Ng5 Qxg5 22. Bxb7 Ra7 23. Bc6 Rc8 24. Bxd7 Rxd7 25. Qa4 Ra7 0-1

[Event "Lewisham International 3rd"]
[Site "London"]
[Date "1983.11.28"]
[Round "5.24"]
[White "Singh, PK."]
[Black "Smith, Andrew Philip"]
[Result "1-0"]
[WhiteElo "2200"]
[BlackElo "2190"]
[PlyCount "63"]
[EventDate "1983.11.24"]
[EventType "swiss"]
[EventRounds "9"]
[EventCountry "ENG"]

1. e4 e6 2. d4 d5 3. Nd2 c5 4. Ngf3 Nc6 5. exd5 exd5 6. Bb5 Bd6 7. dxc5 Bxc5 8.
O-O Nge7 9. Nb3 Bd6 10. Nfd4 O-O 11. c3 a6 12. Bd3 Ne5 13. Bg5 Nxd3 14. Qxd3
Qc7 15. h3 h6 16. Bxe7 Qxe7 17. Nf5 Bxf5 18. Qxf5 Qe4 19. Nd4 Rfe8 20. Qd7 Qf4
21. g3 Qf6 22. Qxb7 Rab8 23. Qc6 Re5 24. b3 Rh5 25. Kg2 Rg5 26. Rae1 Qg6 27.
Re3 h5 28. Qxa6 h4 29. Qd3 f5 30. Re6 Qf7 31. Rxd6 hxg3 32. fxg3 1-0

[Event "Lewisham International 3rd"]
[Site "London"]
[Date "1983.11.29"]
[Round "6.1"]
[White "Rigo, Janos"]
[Black "Rogers, Ian"]
[Result "1-0"]
[WhiteElo "2340"]
[BlackElo "2450"]
[PlyCount "79"]
[EventDate "1983.11.24"]
[EventType "swiss"]
[EventRounds "9"]
[EventCountry "ENG"]

1. e4 d5 2. exd5 Qxd5 3. Nc3 Qa5 4. Bc4 Nf6 5. d3 c6 6. Bd2 Bg4 7. Nge2 e6 8.
h3 Bh5 9. Nd5 Qd8 10. Nxf6+ Qxf6 11. Bc3 Qg5 12. g4 Bg6 13. Qd2 Qxd2+ 14. Kxd2
Nd7 15. h4 Nb6 16. Bb3 O-O-O 17. f3 h6 18. h5 Bh7 19. g5 hxg5 20. h6 f6 21.
Bxe6+ Kb8 22. f4 Nd5 23. Bxd5 Rxd5 24. hxg7 Bxg7 25. Rag1 Rd7 26. fxg5 fxg5 27.
Rxg5 Bxc3+ 28. Kxc3 Rhd8 29. Rh4 Bg8 30. Rh8 Bd5 31. Rxd8+ Rxd8 32. Nf4 Rg8 33.
Rxg8+ Bxg8 34. Kd4 Kc7 35. c4 b6 36. b4 Bf7 37. a3 a5 38. bxa5 c5+ 39. Ke5 bxa5
40. Ne6+ 1-0

[Event "Lewisham International 3rd"]
[Site "London"]
[Date "1983.11.29"]
[Round "6.2"]
[White "Dizdar, Goran"]
[Black "Stean, Michael F"]
[Result "1/2-1/2"]
[WhiteElo "2450"]
[BlackElo "2500"]
[PlyCount "24"]
[EventDate "1983.11.24"]
[EventType "swiss"]
[EventRounds "9"]
[EventCountry "ENG"]

1. d4 Nf6 2. Nf3 d5 3. Bf4 Bf5 4. c4 e6 5. Nc3 c6 6. Qb3 b6 7. g3 Bd6 8. Bxd6
Qxd6 9. Bg2 Nbd7 10. O-O O-O 11. Rfd1 a5 12. Nd2 Bg4 1/2-1/2

[Event "Lewisham International 3rd"]
[Site "London"]
[Date "1983.11.29"]
[Round "6.3"]
[White "Plaskett, H James"]
[Black "Conquest, Stuart"]
[Result "1-0"]
[WhiteElo "2425"]
[BlackElo "2255"]
[PlyCount "35"]
[EventDate "1983.11.24"]
[EventType "swiss"]
[EventRounds "9"]
[EventCountry "ENG"]

1. e4 c5 2. Nf3 d6 3. d4 cxd4 4. Nxd4 Nf6 5. Nc3 g6 6. Be3 Bg7 7. f3 Nc6 8. Qd2
O-O 9. g4 e6 10. O-O-O d5 11. Be2 Nxd4 12. Bxd4 dxe4 13. Qe3 exf3 14. Bxf3 Re8
15. Rhe1 Bd7 16. Qf4 Bc6 17. Bxc6 bxc6 18. Rf1 {n.b. as at 10 August 2021,
ChessBase have wrongly ascribed this game to the Lloyds Bank Masters of 1983 -
JS} 1-0

[Event "Lewisham International 3rd"]
[Site "London"]
[Date "1983.11.29"]
[Round "6.4"]
[White "Westerinen, Heikki MJ"]
[Black "Condie, Mark L"]
[Result "1/2-1/2"]
[WhiteElo "2385"]
[BlackElo "2340"]
[PlyCount "78"]
[EventDate "1983.11.24"]
[EventType "swiss"]
[EventRounds "9"]
[EventCountry "ENG"]

1. e4 e5 2. Nf3 Nf6 3. Nxe5 d6 4. Nf3 Nxe4 5. Nc3 Nxc3 6. bxc3 Be7 7. d4 O-O 8.
Bd3 c5 9. h3 d5 10. dxc5 Nd7 11. O-O Nxc5 12. Nd4 Bf6 13. Be3 b6 14. Rb1 Ba6
15. Qe2 Bxd3 16. cxd3 Qd7 17. Rfc1 Rfe8 18. Qd2 Rac8 19. Nb3 Ne6 20. d4 Rc4 21.
Qd3 Rec8 22. Nd2 R4c7 23. Nf3 Qa4 24. Rc2 g6 25. g3 Rc4 26. Rbc1 b5 27. Nd2
R4c7 28. Nb3 Be7 29. Re2 Ba3 30. Rcc2 Rc4 31. Kg2 Qa6 32. Bc1 Bxc1 33. Rxc1 Qb6
34. Rec2 Qc7 35. Qf3 Qd8 36. Qd3 Qc7 37. Qf3 Qd8 38. Qd3 a6 39. Nd2 R4c6
1/2-1/2

[Event "Lewisham International 3rd"]
[Site "London"]
[Date "1983.11.29"]
[Round "6.5"]
[White "Nicholson, John G"]
[Black "Branford, John W"]
[Result "1-0"]
[WhiteElo "2260"]
[BlackElo "2205"]
[PlyCount "145"]
[EventDate "1983.11.24"]
[EventType "swiss"]
[EventRounds "9"]
[EventCountry "ENG"]

1. Nf3 Nf6 2. c4 c5 3. Nc3 g6 4. d4 cxd4 5. Nxd4 Bg7 6. e4 d6 7. Be2 Nc6 8. Be3
O-O 9. O-O Nxd4 10. Bxd4 Qa5 11. f3 Be6 12. Rc1 Rfc8 13. b3 a6 14. a4 Nd7 15.
Bxg7 Kxg7 16. f4 Nf6 17. Kh1 b5 18. axb5 axb5 19. e5 dxe5 20. fxe5 Nd7 21. Nxb5
Nc5 22. Bf3 Rd8 23. Nd4 Rab8 24. Bd5 Bxd5 25. cxd5 Rxd5 26. Nf5+ gxf5 27. Qxd5
Nxb3 28. Qxa5 Nxa5 29. Rxf5 Nc4 30. g4 Ne3 31. Rf3 Nd5 32. Rcf1 Rf8 33. e6 f6
34. Rd3 Nb6 35. Rb3 Nc4 36. Rb7 Re8 37. g5 Kg6 38. gxf6 exf6 39. Rg1+ Kf5 40.
Rxh7 Kxe6 41. Rhg7 Ra8 42. Rf1 Ne5 43. Rb7 Rh8 44. Rb6+ Ke7 45. Rf4 Rh6 46. Kg2
Nd3 47. Rf5 Kf7 48. h3 Ne5 49. Kg3 Nd7 50. Rd6 Ne5 51. h4 Nc4 52. Ra6 Ne3 53.
Rb5 Kg6 54. Raa5 Rh8 55. h5+ Kh6 56. Ra6 Rg8+ 57. Kf4 Ng2+ 58. Ke4 Rg5 59. Rxg5
Kxg5 60. Ra5+ Kh6 61. Ra2 f5+ 62. Kf3 Ne1+ 63. Ke3 f4+ 64. Kxf4 Nd3+ 65. Kf5
Nc5 66. Rc2 Nb7 67. Rd2 Nc5 68. Rc2 Nb3 69. Kg4 Nd4 70. Rc4 Ne2 71. Kf3 Ng1+
72. Kg2 Ne2 73. Kf2 1-0

[Event "Lewisham International 3rd"]
[Site "London"]
[Date "1983.11.29"]
[Round "6.9"]
[White "Arkell, Keith C"]
[Black "Pytel, Krzysztof"]
[Result "0-1"]
[WhiteElo "2310"]
[BlackElo "2435"]
[PlyCount "54"]
[EventDate "1983.11.24"]
[EventType "swiss"]
[EventRounds "9"]
[EventCountry "ENG"]

1. Nf3 Nf6 2. c4 e6 3. d4 d5 4. Nc3 Bb4 5. Qb3 Nc6 6. a3 Bxc3+ 7. Qxc3 Ne4 8.
Qc2 e5 9. dxe5 Bf5 10. Qd1 dxc4 11. Qxd8+ Rxd8 12. e3 Na5 13. Nh4 Be6 14. f3
Nb3 15. Rb1 c3 16. bxc3 Nxc3 17. Rxb3 Rd1+ 18. Kf2 Bxb3 19. Kg3 Rxc1 20. Bb5+
Nxb5 21. Rxc1 a5 22. a4 Bxa4 23. Ra1 Nc3 24. Ra3 Bd7 25. Rxc3 g5 26. Rxc7 gxh4+
27. Kxh4 Ke7 0-1

[Event "Lewisham International 3rd"]
[Site "London"]
[Date "1983.11.29"]
[Round "6.11"]
[White "Crouch, Colin S"]
[Black "Iskov, Gert"]
[Result "1-0"]
[WhiteElo "2300"]
[BlackElo "2365"]
[PlyCount "55"]
[EventDate "1983.11.24"]
[EventType "swiss"]
[EventRounds "9"]
[EventCountry "ENG"]

1. d4 d5 2. c4 e6 3. Nf3 c6 4. Nc3 Nf6 5. Bg5 dxc4 6. e4 b5 7. e5 h6 8. Bh4 g5
9. Nxg5 hxg5 10. Bxg5 Nbd7 11. exf6 Qa5 12. Be2 Bb7 13. O-O O-O-O 14. Qc1 Bd6
15. h4 c5 16. a4 Bb8 17. Nxb5 a6 18. b4 Qxb4 19. Na3 c3 20. Rb1 Qxd4 21. Rxb7
Kxb7 22. Qb1+ Ka7 23. Nb5+ axb5 24. Qxb5 Bh2+ 25. Kxh2 Rxh4+ 26. Kg1 c2 27.
Qa5+ Kb7 28. Bxh4 1-0

[Event "Lewisham International 3rd"]
[Site "London"]
[Date "1983.11.29"]
[Round "6.13"]
[White "Franke, Heribert"]
[Black "Zak, Uri"]
[Result "1-0"]
[WhiteElo "2300"]
[BlackElo "2310"]
[PlyCount "29"]
[EventDate "1983.11.24"]
[EventType "swiss"]
[EventRounds "9"]
[EventCountry "ENG"]

1. d4 d5 2. Nf3 c5 3. c3 Nf6 4. Bf4 Nc6 5. dxc5 e6 6. b4 a5 7. Nd4 Bd7 8. Nxc6
Bxc6 9. e3 axb4 10. cxb4 Ne4 11. Nd2 Nc3 12. Qc2 Qf6 13. Nf3 Ra3 14. Be5 Qg6
15. Qb2 1-0

[Event "Lewisham International 3rd"]
[Site "London"]
[Date "1983.11.29"]
[Round "6.15"]
[White "Crawley, Gavin"]
[Black "Smart, Leslie J"]
[Result "1-0"]
[WhiteElo "2070"]
[BlackElo "2220"]
[PlyCount "43"]
[EventDate "1983.11.24"]
[EventType "swiss"]
[EventRounds "9"]
[EventCountry "ENG"]

1. e4 c5 2. Nc3 e6 3. Nf3 d6 4. d4 cxd4 5. Qxd4 a6 6. Bg5 Nf6 7. e5 Nc6 8. Qe3
dxe5 9. Nxe5 Qa5 10. Nc4 Bc5 11. Qf4 e5 12. Qh4 Qd8 13. Bd3 b5 14. O-O-O bxc4
15. Be4 Nxe4 16. Rxd8+ Nxd8 17. Nxe4 Ne6 18. Nxc5 Nxc5 19. Qxc4 Nd7 20. Qc6 Rb8
21. Rd1 Rf8 22. Qc7 1-0

[Event "Lewisham International 3rd"]
[Site "London"]
[Date "1983.11.29"]
[Round "6.16"]
[White "Wicker, Kevin J"]
[Black "Singh, PK."]
[Result "0-1"]
[WhiteElo "2280"]
[BlackElo "2200"]
[PlyCount "114"]
[EventDate "1983.11.24"]
[EventType "swiss"]
[EventRounds "9"]
[EventCountry "ENG"]

1. e4 e5 2. Nf3 Nc6 3. Bb5 a6 4. Bxc6 dxc6 5. O-O f6 6. d4 exd4 7. Nxd4 c5 8.
Ne2 Qxd1 9. Rxd1 Bd6 10. Bf4 Bxf4 11. Nxf4 Ne7 12. Nc3 Bd7 13. Ncd5 Nxd5 14.
Rxd5 b6 15. e5 c6 16. Rd2 fxe5 17. Nd3 O-O-O 18. Nxe5 Bf5 19. Rxd8+ Rxd8 20.
Nc4 Bxc2 21. Nxb6+ Kc7 22. Nc4 Bd3 23. Ne3 c4 24. Rd1 Rb8 25. Rd2 c3 26. bxc3
Rb1+ 27. Rd1 Kb6 28. f4 Kb5 29. g4 Rxd1+ 30. Nxd1 Bb1 31. a3 Ka4 32. Ne3 Bd3
33. f5 Kxa3 34. g5 Kb3 35. f6 gxf6 36. gxf6 Bg6 37. Ng4 a5 38. Ne5 Bh5 39. Nxc6
a4 40. Nd4+ Kxc3 41. Nb5+ Kb4 42. Nd4 Kc5 43. Nc2 Kd6 44. Kf2 Ke5 45. Ke3 Kxf6
46. Kf4 Bg6 47. Na3 Ke6 48. Nc4 Bd3 49. Na3 Kd5 50. Ke3 Bg6 51. Kd2 Kd4 52. h4
h5 53. Kc1 Kc3 54. Nc2 Kb3 55. Nd4+ Kc4 56. Ne2 a3 57. Nf4 Kb3 0-1

[Event "Lewisham International 3rd"]
[Site "London"]
[Date "1983.11.29"]
[Round "6.18"]
[White "Berset, Philippe"]
[Black "Jackson, Sheila"]
[Result "0-1"]
[WhiteElo "2050"]
[BlackElo "2205"]
[PlyCount "80"]
[EventDate "1983.11.24"]
[EventType "swiss"]
[EventRounds "9"]
[EventCountry "ENG"]

1. e4 e5 2. Nf3 Nc6 3. Bb5 a6 4. Ba4 Nf6 5. d3 d6 6. c3 b5 7. Bc2 Be7 8. Nbd2
O-O 9. h3 d5 10. Qe2 Re8 11. Nf1 dxe4 12. dxe4 Be6 13. Ne3 Bc5 14. O-O Bxe3 15.
Qxe3 Bc4 16. Re1 Qe7 17. b3 Be6 18. Bb2 h6 19. Nd2 Nh5 20. b4 Nf4 21. Qg3 Red8
22. Nb3 Bc4 23. Kh2 Rd6 24. Qf3 Qh4 25. Bc1 Nd3 26. Bxd3 Rxd3 27. Re3 Rad8 28.
Nc5 Rd1 29. a4 Rf1 30. g3 Qf6 31. Qxf6 gxf6 32. Rf3 Rdd1 33. Rxf6 Nb8 34. axb5
Bxb5 35. Ra2 Rxc1 36. Rd2 Kg7 37. Rf5 Rcd1 38. Rc2 Rh1+ 39. Kg2 Rhg1+ 40. Kf3
Nd7 0-1

[Event "Lewisham International 3rd"]
[Site "London"]
[Date "1983.11.29"]
[Round "6.20"]
[White "Flesch, Janos"]
[Black "Flueckiger, Christian"]
[Result "1-0"]
[WhiteElo "2400"]
[BlackElo "2210"]
[PlyCount "41"]
[EventDate "1983.11.24"]
[EventType "swiss"]
[EventRounds "9"]
[EventCountry "ENG"]

1. Nf3 d5 2. g3 c5 3. Bg2 Nf6 4. O-O Nc6 5. d3 e6 6. Nbd2 Be7 7. e4 b6 8. Re1
Bb7 9. e5 Nd7 10. h4 Qc7 11. Qe2 O-O 12. Nf1 Nd4 13. Nxd4 cxd4 14. Bf4 Rfc8 15.
Rec1 Nc5 16. Nh2 Na4 17. Rab1 a5 18. Qg4 Qc5 19. Nf3 Rc7 20. Bh6 Bf8 21. Nxd4
1-0

[Event "Lewisham International 3rd"]
[Site "London"]
[Date "1983.11.29"]
[Round "6.24"]
[White "Smith, Andrew Philip"]
[Black "Coutts, George J"]
[Result "1-0"]
[WhiteElo "2190"]
[BlackElo "2050"]
[PlyCount "41"]
[EventDate "1983.11.24"]
[EventType "swiss"]
[EventRounds "9"]
[EventCountry "ENG"]

1. e4 d5 2. exd5 Qxd5 3. Nc3 Qa5 4. d4 Nf6 5. Nf3 Bf5 6. Bd2 c6 7. Bc4 Nbd7 8.
Nd5 Qd8 9. Nxf6+ Nxf6 10. Ne5 e6 11. Be3 Bd6 12. Qe2 Nd5 13. Bd2 Qc7 14. Bxd5
cxd5 15. Qb5+ Ke7 16. Ba5 b6 17. Nc6+ Kf6 18. Bb4 a6 19. Bxd6 Qxd6 20. Qxb6
Rhb8 21. Nxb8 1-0

[Event "Lewisham International 3rd"]
[Site "London"]
[Date "1983.11.30"]
[Round "7.1"]
[White "Plaskett, H James"]
[Black "Rigo, Janos"]
[Result "1-0"]
[WhiteElo "2425"]
[BlackElo "2340"]
[PlyCount "73"]
[EventDate "1983.11.24"]
[EventType "swiss"]
[EventRounds "9"]
[EventCountry "ENG"]

1. e4 c5 2. Nf3 d6 3. Nc3 Nf6 4. d4 cxd4 5. Nxd4 g6 6. Be3 Bg7 7. f3 Nc6 8. Qd2
O-O 9. g4 Nxd4 10. Bxd4 Be6 11. O-O-O Qa5 12. Kb1 Rfc8 13. a3 a6 14. h4 b5 15.
Nd5 Qxd2 16. Rxd2 Bxd5 17. exd5 Nd7 18. Be2 Be5 19. Be3 Rab8 20. g5 Nb6 21. f4
Bg7 22. Bd4 Nc4 23. Rd3 Bxd4 24. Rxd4 Rc5 25. h5 Ne3 26. hxg6 fxg6 27. Re4 Nxd5
28. Bg4 Kg7 29. Be6 Nc7 30. Bg4 Nd5 31. Be6 Rb7 32. Rh4 Ra7 33. Re2 Nc7 34. Bg4
Nd5 35. Reh2 Nxf4 36. Rxh7+ Kf8 37. Rh8+ 1-0

[Event "Lewisham International 3rd"]
[Site "London"]
[Date "1983.11.30"]
[Round "7.2"]
[White "Condie, Mark L"]
[Black "Stean, Michael F"]
[Result "1/2-1/2"]
[WhiteElo "2340"]
[BlackElo "2500"]
[PlyCount "34"]
[EventDate "1983.11.24"]
[EventType "swiss"]
[EventRounds "9"]
[EventCountry "ENG"]

1. d4 Nf6 2. Nf3 e6 3. e3 b6 4. Bd3 Bb7 5. O-O c5 6. b3 Be7 7. Bb2 O-O 8. Nbd2
d6 9. c4 Nbd7 10. Qe2 Re8 11. Rad1 Bf8 12. Ng5 cxd4 13. Bxd4 g6 14. Nde4 Nxe4
15. Bxe4 Bxe4 16. Nxe4 f5 17. Ng3 Qc7 1/2-1/2

[Event "Lewisham International 3rd"]
[Site "London"]
[Date "1983.11.30"]
[Round "7.3"]
[White "Hebden, Mark L"]
[Black "Rogers, Ian"]
[Result "1/2-1/2"]
[WhiteElo "2495"]
[BlackElo "2450"]
[PlyCount "62"]
[EventDate "1983.11.24"]
[EventType "swiss"]
[EventRounds "9"]
[EventCountry "ENG"]

1. e4 d5 2. exd5 Qxd5 3. Nc3 Qa5 4. d4 Nf6 5. Nf3 c6 6. Ne5 Nbd7 7. Nc4 Qd8 8.
Bg5 Nb6 9. Qd2 Nbd5 10. Bd3 Nxc3 11. bxc3 Be6 12. Bh4 g6 13. O-O Bg7 14. a4 O-O
15. Rfe1 Bxc4 16. Bxc4 e6 17. Qd3 Qd7 18. Rad1 Nd5 19. Bb3 b5 20. c4 bxc4 21.
Bxc4 a5 22. Bb3 Ne7 23. g4 Rfb8 24. Qf3 Rb4 25. Rd3 Nd5 26. c4 Nb6 27. d5 cxd5
28. cxd5 Nxd5 29. Bxd5 exd5 30. h3 Qxa4 31. Qxd5 Re8 1/2-1/2

[Event "Lewisham International 3rd"]
[Site "London"]
[Date "1983.11.30"]
[Round "7.5"]
[White "Pytel, Krzysztof"]
[Black "Britton, Richard"]
[Result "1-0"]
[WhiteElo "2435"]
[BlackElo "2325"]
[PlyCount "85"]
[EventDate "1983.11.24"]
[EventType "swiss"]
[EventRounds "9"]
[EventCountry "ENG"]

1. d4 Nf6 2. c4 g6 3. Nc3 Bg7 4. e4 O-O 5. Bg5 d6 6. h3 Nbd7 7. Bd3 c5 8. d5 a6
9. a4 h6 10. Be3 e6 11. Nf3 exd5 12. exd5 Kh7 13. O-O Ng8 14. Qc2 f5 15. a5 Qf6
16. Rab1 Rb8 17. Na4 Ne7 18. b4 f4 19. Bd2 cxb4 20. Rxb4 Ne5 21. Nxe5 dxe5 22.
Rb6 Qg5 23. Kh2 Nf5 24. Nc5 Nh4 25. Be4 Rf6 26. Ne6 Bxe6 27. dxe6 Re8 28. Rxb7
Rexe6 29. c5 Nf5 30. Qa4 Rf8 31. Rfb1 Rd8 32. Rd7 Rxd7 33. Qxd7 Re7 34. Qd5 Qh4
35. Be1 Bf6 36. c6 Rg7 37. Rb7 Ne7 38. Qd3 Qg5 39. Rd7 Nc8 40. c7 f3 41. Rxg7+
Bxg7 42. Qxf3 Qc1 43. Qf7 1-0

[Event "Lewisham International 3rd"]
[Site "London"]
[Date "1983.11.30"]
[Round "7.6"]
[White "Lane, Gary William"]
[Black "Westerinen, Heikki MJ"]
[Result "0-1"]
[WhiteElo "2270"]
[BlackElo "2385"]
[PlyCount "104"]
[EventDate "1983.11.24"]
[EventType "swiss"]
[EventRounds "9"]
[EventCountry "ENG"]

1. e4 d5 2. exd5 Qxd5 3. Nc3 Qa5 4. d4 Nf6 5. Nf3 c6 6. Ne5 Bf5 7. Bc4 e6 8.
Bd2 Qb6 9. Qe2 Nbd7 10. O-O-O Bb4 11. a3 Nxe5 12. dxe5 Bxc3 13. Bxc3 Nd5 14.
Bxd5 cxd5 15. g4 Bg6 16. f4 Be4 17. Rhf1 O-O-O 18. f5 Kb8 19. Qf2 Qa6 20. Rfe1
Rc8 21. Re3 Rc7 22. Rd2 Rhc8 23. Kd1 Rc4 24. Rh3 d4 25. Bxd4 Bxc2+ 26. Ke1 Qc6
27. b3 Qe4+ 28. Re3 Qh1+ 29. Qf1 Bxb3 30. Qxh1 Rc1+ 31. Kf2 Rxh1 32. Rh3 Bc2
33. Rxh7 exf5 34. e6 fxe6 35. Be5+ Ka8 36. Rxg7 fxg4 37. Kg2 Be4+ 38. Kg3 Rg1+
39. Kf4 Bf5 40. Rc7 Rf1+ 41. Kg3 Rf3+ 42. Kh4 Rg8 43. Bg3 Rxa3 44. Rg7 Rh8+ 45.
Kg5 Rb3 46. Rdd7 Rb5 47. Kf6 a5 48. Bc7 Ka7 49. Bxa5 Rxa5 50. Rxb7+ Ka6 51. Rb2
Rb5 52. Ra2+ Kb6 0-1

[Event "Lewisham International 3rd"]
[Site "London"]
[Date "1983.11.30"]
[Round "7.9"]
[White "Hartoch, Robert G"]
[Black "Nicholson, John G"]
[Result "0-1"]
[WhiteElo "2355"]
[BlackElo "2260"]
[PlyCount "84"]
[EventDate "1983.11.24"]
[EventType "swiss"]
[EventRounds "9"]
[EventCountry "ENG"]

1. e4 c5 2. f4 e6 3. Nf3 a6 4. Nc3 Nc6 5. d3 d5 6. Bd2 Nf6 7. e5 Ng8 8. g3 Nge7
9. Bg2 Nf5 10. O-O Be7 11. Ne2 h5 12. c3 d4 13. c4 Rb8 14. Ne1 Qd7 15. Nc2 b5
16. b3 Bb7 17. a4 bxc4 18. bxc4 Nb4 19. Nxb4 Bxg2 20. Nxa6 Bxf1 21. Nxb8 Bxe2
22. Qb3 Qa7 23. Qb5+ Kf8 24. a5 g6 25. Nc6 Qa8 26. Nxe7 Nxe7 27. Qxc5 h4 28.
Bb4 hxg3 29. Qxe7+ Kg7 30. h3 Rxh3 31. Qf8+ Qxf8 32. Bxf8+ Kxf8 33. Kg2 Rh8 34.
Ra3 Ke7 35. Kxg3 Ra8 36. Kf2 Bg4 37. a6 Kd7 38. a7 Kc6 39. Ra6+ Kc5 40. Ke1 Bf3
41. Kd2 Bb7 42. Rd6 Bc6 0-1

[Event "Lewisham International 3rd"]
[Site "London"]
[Date "1983.11.30"]
[Round "7.10"]
[White "Conquest, Stuart"]
[Black "Franke, Heribert"]
[Result "1-0"]
[WhiteElo "2255"]
[BlackElo "2300"]
[PlyCount "79"]
[EventDate "1983.11.24"]
[EventType "swiss"]
[EventRounds "9"]
[EventCountry "ENG"]

1. d4 Nf6 2. c4 c5 3. d5 e5 4. Nc3 d6 5. e4 Be7 6. Bd3 O-O 7. Nf3 Ne8 8. h3 Nd7
9. a3 Kh8 10. g4 a6 11. Be3 Rb8 12. b4 Qc7 13. Qd2 g6 14. Bh6 Rg8 15. Ng5 Bxg5
16. Bxg5 cxb4 17. axb4 Nb6 18. Qe2 f5 19. Rc1 Bd7 20. f3 Rc8 21. Na2 f4 22. O-O
Na4 23. Bc2 a5 24. Bxa4 Bxa4 25. c5 axb4 26. cxd6 Qb6+ 27. Qf2 Qxf2+ 28. Kxf2
Rxc1 29. Rxc1 h6 30. Be7 b3 31. Nc3 Bd7 32. Rb1 g5 33. Rxb3 b5 34. Nxb5 Rg6 35.
Na3 Nxd6 36. Bxd6 Rxd6 37. Nc4 Ra6 38. Rb2 Ba4 39. Nxe5 Bd1 40. d6 1-0